000 00796nam a2200265Ia 4500
003 OSt
005 20220925231934.0
006 a|||||r|||| 00| 0
007 ta
008 220923b |||||||| |||| 00| 0 eng d
020 _a0669980870
037 _cGeneral Book
040 _aRTL
_cRTL
_beng
041 _2eng
_aeng
082 _aTOaX:991.73.N7, L5
100 _aDavis Russell G
_9149183
245 0 _aEducation and employment
_b A future perspective of
260 _aMassachusetts
_bLexington Books
_c1975
300 _axxi,166p.
_ccm.
500 _aBib p. 155-60; Appendix p. 129-43
650 _aEducation
700 _a Lewis Gary M.
_9149184
942 _hTOaX:991.73.N7, L5
_cGB
_2CC
999 _c589839
_d589839